000 01125cam a2200241 4500
001 ABS64163
008 000000n2001 000 0 eng u
035 _a(Sirsi) u113581
245 _aI hear you knocking
260 _c2001
490 _aProperty Week
_v66(26) 29 June 2001, 95(1)
520 _aSets out the rights of tenants and landlords when a retail or commercial tenant seeks to introduce a third party into occupancy. Tenants should ensure that the lease permits sharing occupation, although under the provisions of the Landlord and Tenant Act 1954 occupation by another member of the same group of companies does not require the landlord's consent, and that it caters for all eventualities, including changes in the identity of partners, restructuring, etc. Franchises and concessions are also considered.
590 _aABS
650 _aCONCESSIONS
650 _aFRANCHISES
650 _aLANDLORD AND TENANT ACT 1954
650 _aRETAIL LEASES
650 _aSHARING ACCOMMODATION
650 _aSHOPS
650 _aTENANTS' RIGHTS
690 _aLANDLORD AND TENANT-BUSINESS TENANCIES
942 _n0
999 _c67672
_d67672